| 000 | 00471nam a2200169 a 4500 | ||
|---|---|---|---|
| 005 | 20221206063606.0 | ||
| 008 | 991125s1982 mad 000 0 spa u | ||
| 035 | _aUPN01000008706 | ||
| 049 | _aCG | ||
| 050 | 4 | _aP47 G5.38 | |
| 100 | 1 | _aGicquel, Bernard | |
| 245 | 1 | 3 |
_aEl comentario de textos y la disertación / _cBernard Gicquel ; tr. Carmen Ferrer |
| 260 |
_aMadrid : _bOikos - Tau, _c1982 |
||
| 300 | _a121 p. | ||
| 650 | 4 |
_aCrÃtica textual _911697 |
|
| 905 | _aLibro | ||
| 999 |
_c8706 _d8706 |
||